[Event "Cesme op-A 11th"]
[Site "Izmir"]
[Date "2025.06.24"]
[Round "2"]
[White "Bhagat, Kush"]
[Black "Gilfanov, Marat I"]
[Result "1/2-1/2"]
[WhiteElo "2276"]
[BlackElo "2343"]
[PlyCount "123"]
[EventDate "2025.06.23"]
[EventType "swiss"]
[EventRounds "9"]
[EventCountry "TUR"]
[SourceTitle "CB27_2025"]
[SourceDate "2025.07.02"]
[SourceVersion "1"]
[SourceVersionDate "2025.07.02"]
[SourceQuality "1"]

1. e4 e6 2. d4 d5 3. Nd2 c5 4. Ngf3 cxd4 5. Nxd4 Nf6 6. e5 Nfd7 7. N2f3 Nc6 8. Bf4 Qb6 9. Rb1 Nxd4 10. Nxd4 Bc5 11. c3 f6 12. b4 Be7 13. Bd3 fxe5 14. Qh5+ Kd8 15. Bxe5 Nxe5 16. Qxe5 Bf6 17. Qe3 e5 18. Ne2 Qxe3 19. fxe3 Be6 20. e4 Ke7 21. Ng3 Rac8 22. exd5 Bxd5 23. Ne4 Rhd8 24. Ke2 Bxa2 25. Ra1 Bc4 26. Bxc4 Rxc4 27. Nxf6 gxf6 28. Rxa7 Rd7 29. Rd1 Rdc7 30. Rd3 Ke6 31. Rh3 Rg4 32. Kf2 Rd7 33. Ra2 Rf4+ 34. Ke2 Rg7 35. Rg3 Rxg3 36. hxg3 Rg4 37. Kf2 Rc4 38. Ra7 Rc7 39. c4 h5 40. Kf3 Rxc4 41. Rxb7 Kf5 42. b5 Rc3+ 43. Kf2 Rc2+ 44. Kg1 Rb2 45. b6 Ke4 46. Rb8 Ke3 47. b7 e4 48. Kh2 Rb1 49. Rf8 Rxb7 50. Rxf6 Re7 51. Ra6 Kd2 52. Ra2+ Kc1 53. Kg1 Kd1 54. Ra1+ Kd2 55. Ra2+ Kd3 56. Ra3+ Kd4 57. Ra4+ Kd3 58. Ra3+ Kd4 59. Ra4+ Ke3 60. Ra3+ Kd2 61. Ra2+ Kd3 62. Ra3+ 1/2-1/2

[Event "RUS-chT 32nd"]
[Site "Sochi"]
[Date "2025.04.26"]
[Round "1.4"]
[White "Iljushin, Alexei"]
[Black "Gilfanov, Marat I"]
[Result "1/2-1/2"]
[WhiteElo "2404"]
[BlackElo "2379"]
[PlyCount "97"]
[EventDate "2025.04.26"]
[EventType "team-swiss"]
[EventRounds "9"]
[EventCountry "RUS"]
[SourceTitle "CB19_2025"]
[SourceDate "2025.05.07"]
[SourceVersion "1"]
[SourceVersionDate "2025.05.07"]
[SourceQuality "1"]
[WhiteTeam "Saratov Muromtsev"]
[BlackTeam "Moscow Temus Tim"]
[WhiteTeamCountry "RUS"]
[BlackTeamCountry "RUS"]

1. d4 Nf6 2. c4 e6 3. g3 c5 4. d5 exd5 5. cxd5 d6 6. Nc3 g6 7. Bg2 Bg7 8. Nf3 0-0 9. 0-0 Re8 10. Bf4 h6 11. Qc1 g5 12. Bd2 Bf5 13. h4 g4 14. Ne1 h5 15. Bg5 Qd7 16. Bxf6 Bxf6 17. Nd3 Na6 18. Nf4 Bg6 19. Nxg6 fxg6 20. Ne4 Be5 21. Qd2 Nc7 22. Rad1 a5 23. Kh1 Kg7 24. f4 gxf3 25. Rxf3 b6 26. Ng5 Rf8 27. Bh3 Qe7 28. Kg2 Rf6 29. Rdf1 Raf8 30. b3 Qe8 31. Qd3 a4 32. Qe4 axb3 33. axb3 Qa8 34. Be6 Rxf3 35. Rxf3 Rxf3 36. Qxf3 Bf6 37. Ne4 Qf8 38. g4 Be5 39. gxh5 Qxf3+ 40. Kxf3 gxh5 41. Ng5 Bf6 42. Ne4 Nxe6 43. dxe6 d5 44. Nd6 Be7 45. Nc8 Kf6 46. Nxb6 Kxe6 47. e4 d4 48. Nd5 Bxh4 49. Nf4+ 1/2-1/2

[Event "Moscow Ivi GP op"]
[Site "Moscow"]
[Date "2025.03.12"]
[Round "7"]
[White "Gilfanov, Marat I"]
[Black "Korelskiy, Egor"]
[Result "1-0"]
[WhiteElo "2376"]
[BlackElo "2171"]
[PlyCount "78"]
[EventDate "2025.03.08"]
[EventType "swiss"]
[EventRounds "10"]
[EventCountry "RUS"]
[SourceTitle "CB12_2025"]
[SourceDate "2025.03.19"]
[SourceVersion "1"]
[SourceVersionDate "2025.03.19"]
[SourceQuality "1"]

1. e4 e5 2. Nf3 Nc6 3. Bb5 Nf6 4. d3 Bc5 5. c3 Qe7 6. 0-0 a6 7. Ba4 b5 8. Bc2 d6 9. d4 Bb6 10. a4 Rb8 11. Bd3 b4 12. d5 Nd8 13. cxb4 h6 14. Nc3 0-0 15. Qe2 a5 16. bxa5 Bxa5 17. Nb5 c6 18. dxc6 Nxc6 19. Bc4 Bg4 20. b3 Nd4 21. Nbxd4 exd4 22. Bb2 d5 23. exd5 Qxe2 24. Bxe2 Nxd5 25. Bxd4 Rxb3 26. Bc4 Rb4 27. Ne5 Bb6 28. Bxb6 Nxb6 29. Bxf7+ Rxf7 30. Nxf7 Kxf7 31. a5 Na8 32. Rfb1 Rxb1+ 33. Rxb1 Kf6 34. Rb8 Nc7 35. Rb7 Nd5 36. a6 Bc8 37. Rb5 Nc3 38. Rb6+ Ke5 39. a7 Kd5 1-0

[Event "Moscow Aeroflot op-A"]
[Site "Moscow"]
[Date "2025.03.04"]
[Round "6"]
[White "Gilfanov, Marat I"]
[Black "Skvortsov, Andrei"]
[Result "1-0"]
[WhiteElo "2376"]
[BlackElo "2321"]
[PlyCount "166"]
[EventDate "2025.03.01"]
[EventType "swiss"]
[EventRounds "9"]
[EventCountry "RUS"]
[SourceTitle "CB11_2025"]
[SourceDate "2025.03.12"]
[SourceVersion "1"]
[SourceVersionDate "2025.03.12"]
[SourceQuality "1"]

1. e4 d6 2. d4 Nf6 3. Nc3 e5 4. Nf3 Nbd7 5. Rg1 c6 6. a4 g6 7. g4 Bg7 8. g5 Nh5 9. d5 Qc7 10. Be3 h6 11. h4 hxg5 12. hxg5 a6 13. a5 c5 14. Nd2 Nf4 15. Na4 Qxa5 16. Nxc5 Qc7 17. Nxd7 Bxd7 18. Nc4 Bh3 19. Nb6 Rd8 20. Ra4 Bxf1 21. Kxf1 Rh4 22. Rc4 Qe7 23. Qf3 Kf8 24. Qg3 Rh5 25. Qg4 Kg8 26. Rc8 Bf8 27. Rxd8 Qxd8 28. Qc8 Qxc8 29. Nxc8 f6 30. gxf6 Kf7 31. Nb6 Rh4 32. c4 Nh5 33. f3 Rh2 34. Rg2 Rh1+ 35. Ke2 Rb1 36. Kd3 Nxf6 37. Rf2 Ke8 38. Kc3 Nd7 39. Nxd7 Kxd7 40. Rh2 b5 41. cxb5 axb5 42. Kb4 Rf1 43. Rf2 Re1 44. Bb6 g5 45. Rg2 Rf1 46. Bf2 Rb1 47. Be3 Be7 48. Kxb5 Rf1 49. Rg3 Bd8 50. Bxg5 Bxg5 51. Rxg5 Rc1 52. b4 Rc3 53. Rf5 Kc7 54. Rf7+ Kc8 55. Kb6 Rc4 56. b5 Rc5 57. Rf8+ Kd7 58. Ka6 Rc1 59. b6 Ra1+ 60. Kb7 Ra3 61. Kb8 Ke7 62. Rf5 Rb3 63. b7 Ra3 64. Rh5 Kd7 65. Rh7+ Kd8 66. Rf7 Ra4 67. f4 exf4 68. Rxf4 Kd7 69. Rf7+ Kd8 70. Rf6 Kd7 71. Re6 Ra1 72. e5 dxe5 73. Rxe5 Ra2 74. Rh5 Ra1 75. Rh7+ Kd8 76. d6 Ra2 77. d7 Ra1 78. Rh8+ Kxd7 79. Rh4 Rb1 80. Ra4 Kc6 81. Ra6+ Kd7 82. Ka8 Kc7 83. Ra7 Kd8 1-0

[Event "Moscow Aeroflot op-A"]
[Site "Moscow"]
[Date "2025.03.02"]
[Round "2"]
[White "Gilfanov, Marat I"]
[Black "Alpin, Maxim"]
[Result "1-0"]
[WhiteElo "2376"]
[BlackElo "2305"]
[PlyCount "69"]
[EventDate "2025.03.01"]
[EventType "swiss"]
[EventRounds "9"]
[EventCountry "RUS"]
[SourceTitle "CB11_2025"]
[SourceDate "2025.03.12"]
[SourceVersion "1"]
[SourceVersionDate "2025.03.12"]
[SourceQuality "1"]

1. e4 e6 2. d4 d5 3. Nc3 Nf6 4. e5 Nfd7 5. f4 c5 6. Nf3 Nc6 7. Be3 a6 8. Ne2 b5 9. c3 b4 10. h4 bxc3 11. bxc3 Nb6 12. Nd2 Na5 13. dxc5 Nbc4 14. Nxc4 Nxc4 15. Bd4 Qc7 16. Ng3 Bxc5 17. Bxc4 Bxd4 18. Qxd4 dxc4 19. Ne4 0-0 20. Nd6 Bb7 21. 0-0 Bd5 22. f5 Qa7 23. Qxa7 Rxa7 24. f6 Rb8 25. Rab1 Raa8 26. fxg7 Rxb1 27. Rxb1 Kxg7 28. Rf1 Rb8 29. Rxf7+ Kg6 30. g4 h6 31. Rf6+ Kg7 32. h5 Rb1+ 33. Kf2 Rc1 34. Ne8+ Kh7 35. Rg6 1-0

[Event "Titled Tuesday intern op 25th Feb Early"]
[Site "Chess.com INT"]
[Date "2025.02.25"]
[Round "5"]
[White "Can, Melih Kaan"]
[Black "Gilfanov, Marat I"]
[Result "0-1"]
[WhiteElo "2171"]
[BlackElo "2391"]
[PlyCount "56"]
[EventDate "2025.02.25"]
[EventType "swiss (blitz)"]
[EventRounds "11"]
[EventCountry "USA"]
[SourceTitle "CB10_2025"]
[SourceDate "2025.03.05"]
[SourceVersion "1"]
[SourceVersionDate "2025.03.05"]
[SourceQuality "1"]

1. e4 c6 2. Nc3 d5 3. Nf3 dxe4 4. Nxe4 Nf6 5. Nxf6+ exf6 6. d4 Bd6 7. Bd3 Na6 8. h3 Nc7 9. c3 h5 10. Be3 Nd5 11. Qc2 Nxe3 12. fxe3 Bg3+ 13. Kd2 Be6 14. Raf1 Qa5 15. a3 0-0-0 16. Kc1 g6 17. Nd2 f5 18. e4 fxe4 19. Nxe4 Bc7 20. Nc5 Bd5 21. c4 Be6 22. Nxe6 fxe6 23. Bxg6 Rxd4 24. Rd1 Rhd8 25. Rxd4 Rxd4 26. Rd1 Qg5+ 27. Rd2 Rxd2 28. Qxd2 Bf4 0-1

[Event "Titled Tuesday intern op 25th Feb Early"]
[Site "Chess.com INT"]
[Date "2025.02.25"]
[Round "11"]
[White "Gilfanov, Marat I"]
[Black "Domingo Nunez, Ruben"]
[Result "0-1"]
[WhiteElo "2391"]
[BlackElo "2430"]
[PlyCount "68"]
[EventDate "2025.02.25"]
[EventType "swiss (blitz)"]
[EventRounds "11"]
[EventCountry "USA"]
[SourceTitle "CB10_2025"]
[SourceDate "2025.03.05"]
[SourceVersion "1"]
[SourceVersionDate "2025.03.05"]
[SourceQuality "1"]

1. e4 g6 2. d4 Bg7 3. Nc3 c6 4. f4 d5 5. e5 f6 6. Nf3 Nh6 7. Bd3 Bg4 8. Be3 0-0 9. 0-0 e6 10. h3 Bxf3 11. Rxf3 Nd7 12. Nb1 fxe5 13. fxe5 Rxf3 14. Qxf3 c5 15. c3 cxd4 16. cxd4 Qb6 17. b3 Rf8 18. Qe2 Qb4 19. Nd2 Nf5 20. Bxf5 Rxf5 21. Nf3 Nb8 22. Rc1 Nc6 23. Qc2 Bf8 24. Qd3 Be7 25. Nd2 Qa3 26. Rc2 Kg7 27. Qb5 Rf7 28. Nf3 Bd8 29. Ng5 Bxg5 30. Bxg5 Nxd4 31. Bf6+ Kh6 32. Qd3 Rxf6 33. exf6 Nxc2 34. Qxc2 Qf8 0-1

[Event "Titled Tuesday intern op 25th Feb Early"]
[Site "Chess.com INT"]
[Date "2025.02.25"]
[Round "9"]
[White "Gilfanov, Marat I"]
[Black "Munoz, Francisco Javier"]
[Result "1-0"]
[WhiteElo "2391"]
[BlackElo "2389"]
[PlyCount "155"]
[EventDate "2025.02.25"]
[EventType "swiss (blitz)"]
[EventRounds "11"]
[EventCountry "USA"]
[SourceTitle "CB10_2025"]
[SourceDate "2025.03.05"]
[SourceVersion "1"]
[SourceVersionDate "2025.03.05"]
[SourceQuality "1"]

1. e4 e5 2. Nf3 Nc6 3. Bc4 Bc5 4. 0-0 d6 5. d3 Nf6 6. c3 h6 7. Nbd2 a5 8. a4 0-0 9. h3 Re8 10. Re1 Ba7 11. Nf1 Be6 12. Bxe6 Rxe6 13. Be3 d5 14. Qb3 d4 15. cxd4 Nxd4 16. Bxd4 Bxd4 17. Nxd4 exd4 18. Rac1 Rb6 19. Qc2 Rc8 20. Nd2 c5 21. Nc4 Re6 22. f4 Nd7 23. Qf2 Nb6 24. f5 Re8 25. b3 Nxc4 26. bxc4 Qd7 27. Qc2 Qd6 28. Rb1 b6 29. Rb5 Rc6 30. Qf2 Qe5 31. g3 Rd8 32. Qf4 Qe7 33. Kf2 f6 34. g4 Re8 35. h4 Qd8 36. Rg1 Re7 37. g5 fxg5 38. hxg5 hxg5 39. Rxg5 Rf7 40. Rb1 Qd6 41. Qxd6 Rxd6 42. Rbg1 Kf8 43. Kf3 Rh6 44. Kf4 Rh4+ 45. R5g4 Rh3 46. R1g3 Rh1 47. Rg6 Rb7 48. Ke5 Ra1 49. f6 Rxa4 50. fxg7+ Kg8 51. Rc6 Rxg7 52. Rc8+ Kh7 53. Rh3+ Kg6 54. Rc6+ Kf7 55. Rc7+ Kg8 56. Rc8+ Kf7 57. Rf3+ Kg6 58. Rc6+ Kh7 59. Rh3+ Kg8 60. Kf6 Rf7+ 61. Ke6 Rf1 62. Rc8+ Kg7 63. Rg3+ Kh7 64. Rc7+ Kh6 65. Rc8 Kh7 66. Rc7+ Kh6 67. Rc6 Raa1 68. Rxb6 a4 69. Kd7+ Kh7 70. Ra6 a3 71. e5 a2 72. e6 Rg1 73. Rxg1 Rxg1 74. Rxa2 Rg7+ 75. e7 Kh6 76. Rh2+ Kg5 77. Rg2+ Kf6 78. Rxg7 1-0

[Event "Titled Tuesday intern op 25th Feb Early"]
[Site "Chess.com INT"]
[Date "2025.02.25"]
[Round "6"]
[White "Gilfanov, Marat I"]
[Black "Smirnov, Mark1"]
[Result "1-0"]
[WhiteElo "2391"]
[BlackElo "2336"]
[PlyCount "57"]
[EventDate "2025.02.25"]
[EventType "swiss (blitz)"]
[EventRounds "11"]
[EventCountry "USA"]
[SourceTitle "CB10_2025"]
[SourceDate "2025.03.05"]
[SourceVersion "1"]
[SourceVersionDate "2025.03.05"]
[SourceQuality "1"]

1. e4 d6 2. d4 Nf6 3. Nc3 e5 4. Nf3 Nbd7 5. g4 h6 6. Rg1 c6 7. a4 Qa5 8. Bd3 d5 9. Qe2 dxe4 10. Bxe4 Nxe4 11. Qxe4 Bb4 12. Bd2 0-0 13. dxe5 Nc5 14. Qe3 Re8 15. g5 h5 16. g6 f6 17. 0-0-0 Bg4 18. Qf4 Ne6 19. Qc4 Bxf3 20. exf6 gxf6 21. Rde1 Bd5 22. Qh4 Ng7 23. Qxf6 Rf8 24. Qg5 Nf5 25. Qxh5 Rf6 26. Qh7+ Kf8 27. Bh6+ Nxh6 28. g7+ Kf7 29. g8Q# 1-0

[Event "Titled Tuesday intern op 28th Jan Early"]
[Site "Chess.com INT"]
[Date "2025.01.28"]
[Round "3"]
[White "Gilfanov, Marat I"]
[Black "Barrionuevo, Pablo"]
[Result "1-0"]
[WhiteElo "2391"]
[BlackElo "2228"]
[PlyCount "155"]
[EventDate "2025.01.28"]
[EventType "swiss (blitz)"]
[EventRounds "11"]
[EventCountry "USA"]
[SourceTitle "CB06_2025"]
[SourceDate "2025.02.05"]
[SourceVersion "1"]
[SourceVersionDate "2025.02.05"]
[SourceQuality "1"]

1. e4 e6 2. d4 d5 3. e5 c5 4. c3 Nc6 5. Nf3 Qb6 6. g3 Bd7 7. Bh3 h6 8. 0-0 0-0-0 9. a3 c4 10. Nh4 g5 11. Ng2 f5 12. Ne3 Na5 13. Nd2 Kb8 14. f4 Nb3 15. Nxb3 Ba4 16. Qe2 Bxb3 17. Bd2 g4 18. Bg2 h5 19. h3 Ne7 20. hxg4 hxg4 21. Kf2 Nc6 22. Rh1 Be7 23. Rag1 Na5 24. Qe1 Ba4 25. Bc1 Nb3 26. Rxh8 Rxh8 27. Rh1 Rxh1 28. Qxh1 Nxc1 29. Qxc1 a6 30. Qd2 Ka7 31. Bf1 Qd8 32. Kg1 Bc6 33. Qf2 b5 34. Qh2 Qd7 35. Qh6 a5 36. Qg7 Kb7 37. Be2 b4 38. axb4 axb4 39. Bd1 Kb6 40. Qg8 Ka7 41. Bc2 Bd8 42. Kf2 Bb6 43. Nd1 b3 44. Bb1 Ka6 45. Ke2 Kb5 46. Kd2 Bd8 47. Ne3 Qe7 48. Qh8 Qf7 49. Qxd8 Qh5 50. Qh4 Qe8 51. Ng2 Kb6 52. Qf6 Kb7 53. Nh4 Ka6 54. Kc1 Qg8 55. Qg6 Qf8 56. Qxe6 Kb5 57. Qxf5 Qg8 58. e6 Qe8 59. Qe5 Qe7 60. f5 Qg5+ 61. Qf4 Qf6 62. Kd2 Ka6 63. e7 Qxe7 64. f6 Qf7 65. Bg6 Qa7 66. f7 Kb5 67. f8Q Qa1 68. Qb4+ Ka6 69. Qf2 Qxb2+ 70. Ke3 Qc1+ 71. Qd2 Qg1+ 72. Kf4 Qf1+ 73. Kxg4 Bd7+ 74. Bf5 Bxf5+ 75. Nxf5 Qf3+ 76. Kxf3 b2 77. Qh6+ Ka7 78. Qhb6+ 1-0

[Event "Titled Tuesday intern op 28th Jan Early"]
[Site "Chess.com INT"]
[Date "2025.01.28"]
[Round "2"]
[White "Hoffmann, Asa"]
[Black "Gilfanov, Marat I"]
[Result "0-1"]
[WhiteElo "2178"]
[BlackElo "2391"]
[PlyCount "100"]
[EventDate "2025.01.28"]
[EventType "swiss (blitz)"]
[EventRounds "11"]
[EventCountry "USA"]
[SourceTitle "CB06_2025"]
[SourceDate "2025.02.05"]
[SourceVersion "1"]
[SourceVersionDate "2025.02.05"]
[SourceQuality "1"]

1. d4 d5 2. Bg5 Nf6 3. e3 g6 4. Bd3 Bg7 5. Nd2 0-0 6. f4 c5 7. c3 Nc6 8. Ngf3 Bf5 9. Bxf5 gxf5 10. Ne5 Kh8 11. 0-0 e6 12. Qe1 Qc7 13. Qh4 Ne4 14. Nxe4 dxe4 15. Bf6 Rg8 16. Kh1 Bxf6 17. Qxf6+ Rg7 18. Rg1 Qe7 19. Qxe7 Nxe7 20. dxc5 Nd5 21. Rge1 f6 22. Nc4 Rc8 23. b4 Nxc3 24. a3 Rd8 25. Rac1 Nd5 26. Nd6 Rgd7 27. g3 Kg7 28. Kg2 Kf8 29. Kf2 Ke7 30. Red1 h5 31. Rd4 Rxd6 32. cxd6+ Kxd6 33. h3 Rg8 34. Rdc4 Kd7 35. b5 Rh8 36. a4 Rg8 37. a5 h4 38. gxh4 Rh8 39. b6 axb6 40. axb6 Rxh4 41. Kg3 Rh8 42. Rc7+ Nxc7 43. Rxc7+ Kd6 44. Rxb7 e5 45. Rg7 Kc6 46. b7 Kb6 47. h4 Ka7 48. Rf7 Rg8+ 49. Kh3 exf4 50. exf4 e3 0-1

[Event "Titled Tuesday intern op 14th Jan Early"]
[Site "Chess.com INT"]
[Date "2025.01.14"]
[Round "9"]
[White "Gilfanov, Marat I"]
[Black "Howell, David"]
[Result "0-1"]
[WhiteElo "2391"]
[BlackElo "2673"]
[PlyCount "68"]
[EventDate "2025.01.14"]
[EventType "swiss (blitz)"]
[EventRounds "11"]
[EventCountry "USA"]
[SourceTitle "CB04_2025"]
[SourceDate "2025.01.22"]
[SourceVersion "1"]
[SourceVersionDate "2025.01.22"]
[SourceQuality "1"]

1. e4 e6 2. d4 d5 3. e5 a6 4. Nf3 Bd7 5. Be2 c5 6. c3 Bb5 7. Bxb5+ axb5 8. dxc5 Bxc5 9. 0-0 Nc6 10. Qb3 Qb6 11. Nbd2 Nge7 12. Qc2 Qa6 13. Nb3 Bb6 14. a3 Qa4 15. Qd1 0-0 16. Nbd4 Rfc8 17. Qxa4 bxa4 18. Be3 Bc7 19. Nxc6 bxc6 20. Rfb1 Ng6 21. Bd4 Rcb8 22. c4 Bb6 23. c5 Bc7 24. Rc1 Rb3 25. Rc2 Rab8 26. Re1 Ba5 27. Re3 Kf8 28. g3 Ne7 29. g4 Nc8 30. Kf1 Na7 31. Ke2 Ke7 32. Rxb3 Rxb3 33. Rc1 Nb5 34. Rc2 Rxf3 0-1

[Event "Moscow Dvoretsky Memorial Rapid"]
[Site "Moscow"]
[Date "2025.01.13"]
[Round "7.2"]
[White "Ponkratov, Pavel"]
[Black "Gilfanov, Marat I"]
[Result "1-0"]
[WhiteElo "2555"]
[BlackElo "2391"]
[PlyCount "53"]
[EventDate "2025.01.12"]
[EventType "team-match (rapid)"]
[EventRounds "8"]
[EventCountry "RUS"]
[SourceTitle "CB04_2025"]
[SourceDate "2025.01.22"]
[SourceVersion "1"]
[SourceVersionDate "2025.01.22"]
[SourceQuality "1"]
[WhiteTeam "Experience"]
[BlackTeam "Youth"]
[WhiteTeamCountry "RUS"]
[BlackTeamCountry "RUS"]

1. e4 c5 2. Nf3 e6 3. c3 d5 4. e5 Nc6 5. d4 Bd7 6. Be2 f6 7. 0-0 fxe5 8. dxe5 Qc7 9. Re1 0-0-0 10. a4 Nh6 11. Na3 a6 12. Nb5 axb5 13. axb5 Nb8 14. c4 Nf5 15. Ra8 dxc4 16. Qa4 Nd4 17. Nxd4 cxd4 18. Bxc4 Bc5 19. Bd3 Rdf8 20. Bd2 Kd8 21. f4 Ke7 22. Rc1 Na6 23. Rxa6 bxa6 24. Rxc5 Qb7 25. Qxd4 Rc8 26. Be4 Qb6 27. Bb4 1-0

[Event "Moscow Dvoretsky Memorial Rapid"]
[Site "Moscow"]
[Date "2025.01.12"]
[Round "2.2"]
[White "Gilfanov, Marat I"]
[Black "Ponkratov, Pavel"]
[Result "0-1"]
[WhiteElo "2391"]
[BlackElo "2555"]
[PlyCount "118"]
[EventDate "2025.01.12"]
[EventType "team-match (rapid)"]
[EventRounds "8"]
[EventCountry "RUS"]
[SourceTitle "CB04_2025"]
[SourceDate "2025.01.22"]
[SourceVersion "1"]
[SourceVersionDate "2025.01.22"]
[SourceQuality "1"]
[WhiteTeam "Youth"]
[BlackTeam "Experience"]
[WhiteTeamCountry "RUS"]
[BlackTeamCountry "RUS"]

1. e4 e6 2. d4 d5 3. Nc3 Nf6 4. e5 Nfd7 5. f4 c5 6. Nf3 Nc6 7. Be3 a6 8. Ne2 h5 9. c3 b6 10. g3 Ne7 11. Nh4 a5 12. Bg2 g6 13. 0-0 Ba6 14. Rf2 Rc8 15. Kh1 Bxe2 16. Qxe2 c4 17. a4 b5 18. axb5 Qb6 19. Bf3 Qxb5 20. Qc2 Nb6 21. Bc1 a4 22. Kg2 Kd7 23. Bd1 Ra8 24. Qe2 Kc7 25. Bc2 Kb8 26. h3 Nc6 27. Qd1 Be7 28. Nf3 Kc7 29. Ng5 Rhf8 30. Nh7 Rfb8 31. Ng5 Nd8 32. g4 hxg4 33. hxg4 Qa5 34. Rf3 a3 35. bxa3 Na4 36. Qd2 Ra6 37. Rh3 Bxg5 38. fxg5 Rab6 39. Rh7 Kc8 40. Rh3 R8b7 41. Rf3 Kb8 42. Qd1 Ra7 43. Qd2 Rb5 44. Kg3 Rab7 45. Re3 Nc6 46. Rf3 Ka8 47. Qf2 Rb3 48. Bxb3 cxb3 49. Bb2 Qb5 50. Rh1 Na5 51. Rh8+ Ka7 52. Bc1 b2 53. Bxb2 Nxb2 54. Rxf7 Qd3+ 55. Kh2 Nd1 56. Rxb7+ Nxb7 57. Qf8 Qe2+ 58. Kg1 Ne3 59. Qf4 Qg2# 0-1

[Event "Titled Tuesday intern op 07th Jan Early"]
[Site "Chess.com INT"]
[Date "2025.01.07"]
[Round "8"]
[White "Matyunin, Maxim"]
[Black "Gilfanov, Marat I"]
[Result "0-1"]
[WhiteElo "2099"]
[BlackElo "2391"]
[PlyCount "148"]
[EventDate "2025.01.07"]
[EventType "swiss (blitz)"]
[EventRounds "11"]
[EventCountry "USA"]
[SourceTitle "CB03_2025"]
[SourceDate "2025.01.15"]
[SourceVersion "1"]
[SourceVersionDate "2025.01.15"]
[SourceQuality "1"]

1. d4 d5 2. Nf3 e6 3. c4 a6 4. cxd5 exd5 5. Nc3 c6 6. Bf4 Nf6 7. e3 Bf5 8. Bd3 Bxd3 9. Qxd3 Bd6 10. Bxd6 Qxd6 11. Ne5 0-0 12. 0-0 Nbd7 13. f4 Rfe8 14. Rab1 c5 15. a3 Rac8 16. b4 c4 17. Qe2 b5 18. h3 Ne4 19. Nxe4 dxe4 20. Rbc1 f6 21. Nxd7 Qxd7 22. f5 Qd6 23. Rf4 a5 24. Qg4 axb4 25. axb4 Qxb4 26. Rxe4 Qd2 27. Ra1 Rxe4 28. Qxe4 Rf8 29. Ra8 Qe1+ 30. Kh2 Qb4 31. Qd5+ Kh8 32. Rxf8+ Qxf8 33. Qxb5 Qc8 34. Qb2 c3 35. Qc2 Qc4 36. Kg3 Kg8 37. Kf3 Qf1+ 38. Ke4 Qc4 39. Qd3 Qc7 40. Qc2 Qc4 41. g4 Kf7 42. h4 Ke7 43. g5 Kd6 44. gxf6 gxf6 45. h5 h6 46. Qh2+ Kd7 47. Qc2 Kc6 48. Kf3 Kb5 49. Ke4 Kb4 50. Qb1+ Qb3 51. Qg1 c2 52. Qe1+ Qc3 53. Qc1 Kb3 54. Kf3 Qb2 55. Qf1 c1Q 56. Qb5+ Ka2 57. Qa4+ Qa3 58. Qd7 Qf1+ 59. Ke4 Qad3+ 60. Kd5 Qfxf5+ 61. Qxf5 Qxf5+ 62. Kc4 Qxh5 63. e4 Qe2+ 64. Kd5 h5 65. e5 fxe5 66. dxe5 h4 67. Ke6 h3 68. Kf6 h2 69. e6 h1Q 70. Ke7 Qh4+ 71. Kd7 Qd3+ 72. Kc6 Qhc4+ 73. Kb7 Qdb3+ 74. Ka8 Qca4# 0-1

[Event "Titled Tuesday intern op 07th Jan Early"]
[Site "Chess.com INT"]
[Date "2025.01.07"]
[Round "2"]
[White "Theodorou, Nikolas"]
[Black "Gilfanov, Marat I"]
[Result "0-1"]
[WhiteElo "2612"]
[BlackElo "2391"]
[PlyCount "90"]
[EventDate "2025.01.07"]
[EventType "swiss (blitz)"]
[EventRounds "11"]
[EventCountry "USA"]
[SourceTitle "CB03_2025"]
[SourceDate "2025.01.15"]
[SourceVersion "1"]
[SourceVersionDate "2025.01.15"]
[SourceQuality "1"]

1. d4 d5 2. c4 e6 3. Nf3 a6 4. e3 dxc4 5. Bxc4 b5 6. Be2 Bb7 7. 0-0 Nf6 8. a4 b4 9. a5 c5 10. dxc5 Qxd1 11. Rxd1 Bxc5 12. b3 0-0 13. Bb2 Nc6 14. Bxf6 gxf6 15. Rd7 Rab8 16. Nbd2 Rfd8 17. Ne4 Be7 18. Rc7 f5 19. Neg5 h6 20. Nxf7 Kxf7 21. Rxc6 Bf6 22. Rc7+ Kg6 23. Rac1 Bd5 24. Bc4 Rbc8 25. Bxd5 Rxc7 26. Rxc7 Rxd5 27. Kf1 Rxa5 28. Rc6 Kf7 29. Rc7+ Ke8 30. Rc4 Bc3 31. Nd4 Kd7 32. Nc2 Rb5 33. Ke2 a5 34. g4 Rd5 35. Kf3 Rd2 36. Nd4 fxg4+ 37. Kg3 Bxd4 38. exd4 Rd3+ 39. Kxg4 Rxb3 40. Rc5 a4 41. d5 a3 42. dxe6+ Kxe6 43. Rc6+ Kd5 44. Rxh6 a2 45. Rh5+ Kc4 0-1

[Event "Leninskiy Dokhoian Memorial Rapid"]
[Site "Leninskiy"]
[Date "2024.11.17"]
[Round "10"]
[White "Konovalov, Nikolay"]
[Black "Gilfanov, Marat I"]
[Result "0-1"]
[WhiteElo "2498"]
[BlackElo "2395"]
[PlyCount "100"]
[EventDate "2024.11.16"]
[EventType "swiss (rapid)"]
[EventRounds "11"]
[EventCountry "RUS"]
[SourceTitle "CB47_2024"]
[SourceDate "2024.11.20"]
[SourceVersion "1"]
[SourceVersionDate "2024.11.20"]
[SourceQuality "1"]

1. Nf3 e6 2. d4 d5 3. e3 Nf6 4. Bd3 Nbd7 5. b3 Bd6 6. Bb2 b6 7. 0-0 Bb7 8. c4 0-0 9. Nc3 a6 10. Qc2 dxc4 11. bxc4 c5 12. Ne4 Bxe4 13. Bxe4 Nxe4 14. Qxe4 Nf6 15. Qh4 Be7 16. Rac1 Qc7 17. Rfd1 Rfd8 18. Qh3 h6 19. Ne5 Bd6 20. f4 cxd4 21. exd4 Rac8 22. Qf3 Bf8 23. f5 exf5 24. Qxf5 Re8 25. Rf1 Bd6 26. Rce1 Re7 27. Re3 Nh7 28. Ba3 Bxe5 29. dxe5 Re6 30. Rg3 Rxe5 31. Qf2 Rg5 32. Rf3 Nf6 33. Bb2 Ng4 34. Qh4 Qc5+ 35. Kh1 Nxh2 36. Rxf7 Nxf1 37. Rxg7+ Rxg7 38. Bxg7 Qg5 39. Qh3 Re8 40. Bxh6 Qg6 41. Bf4 Re7 42. Kg1 Rf7 43. Be5 Rf5 44. Qh8+ Kf7 45. Qb8 Ne3 46. Qb7+ Kg8 47. Qc8+ Rf8 48. Qh3 Rf1+ 49. Kh2 Ng4+ 50. Kg3 Nxe5+ 0-1

[Event "Khanty-Mansiysk Governor Cup 20th"]
[Site "Khanty-Mansiysk"]
[Date "2024.11.08"]
[Round "4"]
[White "Gilfanov, Marat I"]
[Black "Kozlov, Vadim1"]
[Result "1-0"]
[WhiteElo "2395"]
[BlackElo "2096"]
[PlyCount "47"]
[EventDate "2024.11.05"]
[EventType "swiss"]
[EventRounds "9"]
[EventCountry "RUS"]
[SourceTitle "CB47_2024"]
[SourceDate "2024.11.20"]
[SourceVersion "1"]
[SourceVersionDate "2024.11.20"]
[SourceQuality "1"]

1. e4 Nf6 2. e5 Nd5 3. c4 Nb6 4. d4 d6 5. f4 dxe5 6. fxe5 c5 7. d5 e6 8. Nc3 Qh4+ 9. g3 Qd4 10. Bd3 exd5 11. Nf3 Qg4 12. cxd5 c4 13. Be2 Bc5 14. Bf4 0-0 15. a3 Re8 16. Qd2 Qd7 17. 0-0-0 Na6 18. d6 Qc6 19. Qc2 h6 20. h4 Be6 21. Rh2 Nd5 22. Ng5 hxg5 23. hxg5 f5 24. gxf6 1-0